000 00352nam a22001097a 4500
082 _a891.432 / MEH/ D
100 _aप्रो सतीश मेहता
_983809
245 _aअक्‍ल की नही हाेती शक्‍ल
260 _aभोपाल
_bआईसेक्‍ट
_c2023
650 _aनाटक
942 _cHIN
999 _c68796
_d68796